| 000 | 00938 a2200253 4500 | ||
|---|---|---|---|
| 003 | OSt | ||
| 005 | 20180116192326.0 | ||
| 008 | 120215t xxu||||| |||| 00| 0 eng d | ||
| 010 | _a 2008047065 | ||
| 020 | _a9780470381915 (cloth : alk. paper) | ||
| 020 | _a0470381914 (cloth : alk. paper) | ||
| 035 | _a(OCoLC)ocn265094417 | ||
| 040 | _c0 | ||
| 082 | 0 | 0 | _a692.2 |
| 100 | 1 | _aBallast, David Kent. | |
| 245 | 1 | 0 |
_aArchitect's handbook of construction detailing / _cDavid Kent Ballast. |
| 250 | _a2nd ed. | ||
| 260 |
_aHoboken, N.J. : _bJohn Wiley & Sons, _cc2009. |
||
| 300 |
_axxi, 444 p. : _bill. ; _c29 cm. |
||
| 505 | 0 | _aConcrete details -- Masonry details -- Metal details -- Wood details -- Thermal and moisture protection details -- Door and window details -- Finish details. | |
| 650 | 0 |
_aBuilding _xDetails |
|
| 942 |
_aSADA _cBK _k 692.2 BAL 2009 _2ddc |
||
| 999 |
_c352201 _d352201 |
||